KOHA-Header-6

Electronic commerce 2004 : a managerial perspective (Record no. 1505)

000 -LEADER
fixed length control field 00355nam a2200133Ia 4500
008 - FIXED-LENGTH DATA ELEMENTS--GENERAL INFORMATION
fixed length control field 190723s9999 xx 000 0 und d
020 ## - INTERNATIONAL STANDARD BOOK NUMBER
International Standard Book Number 978-81-317-1408-9
100 ## - MAIN ENTRY--PERSONAL NAME
Personal name Efraim Turban
245 #0 - TITLE STATEMENT
Title Electronic commerce 2004 : a managerial perspective
250 ## - EDITION STATEMENT
Edition statement 1st ed.
260 ## - PUBLICATION, DISTRIBUTION, ETC. (IMPRINT)
Place of publication, distribution, etc New Delhi
Name of publisher, distributor, etc Pearson Education
Date of publication, distribution, etc 2008
300 ## - PHYSICAL DESCRIPTION
Extent 714 p.
942 ## - ADDED ENTRY ELEMENTS (KOHA)
Koha item type Books
Holdings
Withdrawn status Lost status Damaged status Not for loan Collection code Permanent Location Current Location Shelving location Date acquired Full call number Barcode Date last seen Price effective from Koha item type
        Electrical Engineering Computing and Engineering Library Block-D Computing and Engineering Library Block-D Shelf No.B25 2019-07-23 658.87 8128 2019-07-23 2019-07-23 Electrical Engineering

Powered by Koha